Evaluation of confidor 200 SL against wheat aphids, and study of relanve susceptibility of wheat germplasms to sitophilus oryzae (l.) (coleoptera: curculionidae) (Record no. 46465)
[ view plain ]
| 000 -LEADER | |
|---|---|
| fixed length control field | 01516cab a2200265Ia 45 0 |
| 001 - CONTROL NUMBER | |
| control field | u192792 |
| 003 - CONTROL NUMBER IDENTIFIER | |
| control field | SIRSI |
| 008 - FIXED-LENGTH DATA ELEMENTS--GENERAL INFORMATION | |
| fixed length control field | 110619s2007 ua ss b eng d |
| 040 ## - CATALOGING SOURCE | |
| Original cataloging agency | EAL |
| 090 ## - LOCALLY ASSIGNED LC-TYPE CALL NUMBER (OCLC); LOCAL CALL NUMBER (RLIN) | |
| Classification number (OCLC) (R) ; Classification number, CALL (RLIN) (NR) | ART ICEE V2 22 |
| 100 1# - MAIN ENTRY--PERSONAL NAME | |
| Personal name | Joshi, Neelendra K. |
| 240 14 - UNIFORM TITLE | |
| Uniform title | The Second International Conference of Economic Entomology, 2007 v.2 |
| Medium | [electronic resource]. |
| 245 10 - TITLE STATEMENT | |
| Title | Evaluation of confidor 200 SL against wheat aphids, and study of relanve susceptibility of wheat germplasms to sitophilus oryzae (l.) (coleoptera: curculionidae) |
| Medium | [electronic resource]. |
| 300 ## - PHYSICAL DESCRIPTION | |
| Extent | p.311-321. |
| 504 ## - BIBLIOGRAPHY, ETC. NOTE | |
| Bibliography, etc. note | Includes references. |
| 520 ## - SUMMARY, ETC. | |
| Summary, etc. | Two experiments were conducted to evaluate Confider 200 SL against wheat aphids. and to Study relative susceptibility of wheat gennplasms aganist Sitophilus oryzae (L.) (Coleoptera: Cnrcnlionidae). Confider 200 SL @ 400 mllha treatment was found most effective against wheat aphids. In all cases (except mixing .of Confider 200 SL (a) 100 ml/ha with Tilt@0.01 %). Confider 200 SL was founded compatible with Tilt 0.01 %. In mixing. aphid incidence was found higher than the untreated control. |
| 596 ## - | |
| -- | 1 |
| 650 #0 - SUBJECT ADDED ENTRY--TOPICAL TERM | |
| Topical term or geographic name entry element | Wheat |
| General subdivision | Diseases and pests |
| -- | Control. |
| 650 #0 - SUBJECT ADDED ENTRY--TOPICAL TERM | |
| Topical term or geographic name entry element | Greenbug |
| General subdivision | Control. |
| 650 #0 - SUBJECT ADDED ENTRY--TOPICAL TERM | |
| Topical term or geographic name entry element | Rice weevil. |
| 650 #0 - SUBJECT ADDED ENTRY--TOPICAL TERM | |
| Topical term or geographic name entry element | Greenbug |
| General subdivision | Biological control. |
| 700 1# - ADDED ENTRY--PERSONAL NAME | |
| Personal name | Sharma, V. K. |
| 773 0# - HOST ITEM ENTRY | |
| Title | The Second International Conference of Economic Entomology. |
| Related parts | 2007.v.2 |
| Control subfield | nnab |
| Record control number | u192581 |
| 856 40 - ELECTRONIC LOCATION AND ACCESS | |
| Uniform Resource Identifier | <a href="http://nile.enal.sci.eg/EALE/2007/ICEE/Conf/207/311.pdf">http://nile.enal.sci.eg/EALE/2007/ICEE/Conf/207/311.pdf</a> |
| Public note | Full Text Articles. |
| 942 ## - ADDED ENTRY ELEMENTS (KOHA) | |
| Koha item type | Articles |
| Source of classification or shelving scheme | Library of Congress Classification |
No items available.